Statistiche per Riconosci la Squadra di calcio - Quiz n°21

Clicka qui per fare il quiz!

Statistiche generali

  • Questo quiz è stato fatto 16 volte
  • Il punteggio medio è 8 su 10

Statistiche sulle risposte

IndizioRisposta% Corretto
Colori socialiBordeaux, bianco
100%
Titoli nazionali8 Campionati rumeni
86%
SimboliLocomotiva
86%
Trofei nazionali4 Coppe di Romania
4 Supercoppe di Romania
79%
Trofei internazionali0
71%
Fondazione1907
71%
ConfederazioneUEFA
71%
Capienza Stadio23 500 posti
64%
Divisione nazionale 2023-2024Prima
64%
SquadraCluj
57%

Distribuzione punteggi

Percentile per numero di risposta

Percentuale di utenti per punteggio

I tuoi punteggi nel tempo

Non hai fatto questo quiz